A PUBLICATION OF THE LIBRARY AND INFORMATION ASSOCIATION OF ZAMBIA (LIAZ): Linking people with information (Record no. 86687)
[ view plain ]
| 000 -LEADER | |
|---|---|
| fixed length control field | 00832nam a2200229 4500 |
| 003 - CONTROL NUMBER IDENTIFIER | |
| control field | CBULib |
| 005 - DATE AND TIME OF LATEST TRANSACTION | |
| control field | 20260420103543.0 |
| 008 - FIXED-LENGTH DATA ELEMENTS--GENERAL INFORMATION | |
| fixed length control field | 260408b |||||||| |||| 00| 0 eng d |
| 040 ## - CATALOGING SOURCE | |
| Language of cataloging | English |
| Transcribing agency | CBULib |
| Description conventions | rda |
| Original cataloging agency | CBULib |
| Modifying agency | CBUlib |
| 050 ## - LIBRARY OF CONGRESS CALL NUMBER | |
| Classification number | CBU STAFF(02)LIAZ/2018/ED4. |
| 110 ## - MAIN ENTRY--CORPORATE NAME | |
| Relator code | LIBRARY AND INFORMATION ASSOCIATION OF ZAMBIA |
| 245 ## - TITLE STATEMENT | |
| Title | A PUBLICATION OF THE LIBRARY AND INFORMATION ASSOCIATION OF ZAMBIA (LIAZ): Linking people with information |
| Statement of responsibility, etc | /by LIBRARY AND INFORMATION ASSOCIATION OF ZAMBIA |
| 260 ## - PUBLICATION, DISTRIBUTION, ETC. (IMPRINT) | |
| Place of publication, distribution, etc | Lusaka |
| Name of publisher, distributor, etc | LIAZ |
| Date of publication, distribution, etc | 2018 |
| 300 ## - PHYSICAL DESCRIPTION | |
| Extent | 34 pages |
| 336 ## - CONTENT TYPE | |
| Source | rdacontent |
| Content type term | Text | |
| Content type code | txt |
| 337 ## - MEDIA TYPE | |
| Source | rdamedia |
| Media type term | Unmediated | |
| Media type code | n |
| 338 ## - CARRIER TYPE | |
| Source | rdacarrier |
| Carrier type term | Volume |
| Carrier type code | nc |
| 650 #0 - SUBJECT ADDED ENTRY--TOPICAL TERM | |
| 9 (RLIN) | 5420 |
| Topical term or geographic name as entry element | LIBRARIANSHIP |
| 650 #0 - SUBJECT ADDED ENTRY--TOPICAL TERM | |
| 9 (RLIN) | 5422 |
| Topical term or geographic name as entry element | PERIODICALS |
| 650 #0 - SUBJECT ADDED ENTRY--TOPICAL TERM | |
| 9 (RLIN) | 5423 |
| Topical term or geographic name as entry element | LIBRARY AND INFORMATION ASSOCIATION--ZAMBIA |
| 942 ## - ADDED ENTRY ELEMENTS (KOHA) | |
| Source of classification or shelving scheme | |
| Koha item type | SPECIAL COLLECTION |
| Withdrawn status | Lost status | Source of classification or shelving scheme | Damaged status | Not for loan | Collection code | Permanent Location | Current Location | Shelving location | Date acquired | Source of acquisition | Full call number | Barcode | Date last seen | Price effective from | Koha item type |
|---|---|---|---|---|---|---|---|---|---|---|---|---|---|---|---|
| Special Collections | CBU-MAIN LIBRARY, KITWE. | CBU-MAIN LIBRARY, KITWE. | Special Collections | 04/20/2026 | DEP-CBU/04/2026 | STAFF(02)LIAZ/2018 | 153599 | 04/20/2026 | 04/20/2026 | SPECIAL COLLECTION |